Páginas amarillas: el relato de la protagonista

Guardat en:
Dades bibliogràfiques
Autor principal: Romojaro, Rosa (Autor)
Format: Llibre
Idioma:espanyol
Publicat: Barcelona Anthropos 1992
Col·lecció:Ambitos Literarios. Narrativa, 37
Matèries:
Etiquetes: Afegir etiqueta
Sense etiquetes, Sigues el primer a etiquetar aquest registre!

MARC

LEADER 00000nam a2200000 a 4500
001 UCS1930
003 CL-VaPUC
008 970516e19920000SP |||||||||||||||||spa|d
082 0 4 |a 863  |b ROM  |2 21 
100 0 |a Romojaro, Rosa  |e author  |9 386852 
245 1 0 |a Páginas amarillas: el relato de la protagonista 
300 |a 143 p 
942 |c BK 
945 |d 19970516 00:00:00  |a rleighto 
260 |a Barcelona  |b Anthropos  |c 1992 
650 0 |a Novelas españolas  |9 265052 
583 |a last modification  |c 19970516 00:00:00  |k Rodrigo Vera 
490 0 |a Ambitos Literarios. Narrativa, 37 
999 |c 259941  |d 259939 
952 |0 0  |1 0  |4 0  |6 863_000000000000000_ROM_1992  |7 0  |8 A  |9 285475  |a FDOPOS  |b FDOPOS  |d 2019-11-19  |i 3305570  |o 863 ROM 1992  |p 3305570  |r 2025-01-22  |w 2019-11-19  |y BK  |k MLH